000 00333nam a2200109Ia 4500
008 220615s9999||||xx |||||||||||||| ||und||
245 0 _aImplementing Ethics in Educational Ethnography
_bRegulation and Practice
546 _aEnglish[eng]
650 _aEthics||educational ethnograpy
700 _aBusher, Hugh||Fox, Alison
942 _cEB
999 _c18452
_d18452